000 00711nam a2200277Ia 4500
005 20260121124823.0
008 008 260114s9999 xx 000 0 eng d
020 _a9780812207170
037 _aEBOOK
040 _aCRL
040 _beng
040 _cCRL
041 _2eng
041 _aeng
084 _qCRL
100 _aWhite, Sophie
_9982545
245 0 _aWild Frenchmen and Frenchified Indians: Material Culture and Race in Colonial Louisiana
260 _bWalter de Gruyter
260 _bWalter de Gruyter
260 _c2013
650 _aHistory
_9982546
856 _uhttp://www.degruyter.com/isbn/9780812207170
942 _cEBOOK
999 _c1557375
_d1557375